000 00524nam a2200205 a 4500
001 10965
003 CO-ViMGA
008 141112s2004 ck r 000 u spa d
020 _a9581401954
040 _aCO-ViMGA
_bspa
_cCO-ViMGA
082 0 4 _aCo863.6 S15c12
100 1 _aSanta Eduardo,
_915079
245 1 0 _aCuarto Menguante
250 _a1
260 _aBogotá,
_cPlaza y Janes Editores Colombiana Ltda.
300 _a244 p.
490 _aNormativa Colombiana
650 1 4 _aNOVELA COLOMBIANA
_91193
942 _2ddc
_cBK
999 _c8205
_d8205